...

NIRU LIBRARY

Social and psychological bases of ideology and system justification (Record no. 138)

MARC details
000 -LEADER
fixed length control field 00929nam a22002657a 4500
003 - CONTROL NUMBER IDENTIFIER
control field OSt
005 - DATE AND TIME OF LATEST TRANSACTION
control field 20230622103817.0
008 - FIXED-LENGTH DATA ELEMENTS--GENERAL INFORMATION
fixed length control field 230622b |||||||| |||| 00| 0 eng d
020 ## - INTERNATIONAL STANDARD BOOK NUMBER
International Standard Book Number 9780195320916
040 ## - CATALOGING SOURCE
Transcribing agency NIRUC
050 ## - LIBRARY OF CONGRESS CALL NUMBER
Classification number JK 275
Item number .S568
130 ## - MAIN ENTRY--UNIFORM TITLE
Uniform title Social and psychological bases of ideology and system justification
245 ## - TITLE STATEMENT
Title Social and psychological bases of ideology and system justification
Statement of responsibility, etc. Edited by Jost, John T. ...[ et al]
260 ## - PUBLICATION, DISTRIBUTION, ETC.
Place of publication, distribution, etc. London | New York
Name of publisher, distributor, etc. Oxford university press
Date of publication, distribution, etc. 2009
300 ## - PHYSICAL DESCRIPTION
Extent 529 p.
500 ## - GENERAL NOTE
General note Includes bibliographical references and index
650 ## - SUBJECT ADDED ENTRY--TOPICAL TERM
Source of heading or term politics and government
650 ## - SUBJECT ADDED ENTRY--TOPICAL TERM
Source of heading or term ideology-political aspects
650 ## - SUBJECT ADDED ENTRY--TOPICAL TERM
Source of heading or term political psychology
650 ## - SUBJECT ADDED ENTRY--TOPICAL TERM
Source of heading or term Religion and politics
651 ## - SUBJECT ADDED ENTRY--GEOGRAPHIC NAME
Geographic name United states
700 ## - ADDED ENTRY--PERSONAL NAME
Relator term Edited by John T. Jost, Aaron C. Kay [and] Hulda Thorisdottir
760 ## - MAIN SERIES ENTRY
Edition series in political psychology
942 ## - ADDED ENTRY ELEMENTS (KOHA)
Source of classification or shelving scheme Library of Congress Classification
Koha item type Books
Suppress in OPAC No
Holdings
Withdrawn status Lost status Source of classification or shelving scheme Damaged status Not for loan Home library Current library Date acquired Source of acquisition Total checkouts Full call number Barcode Date last seen Price effective from Koha item type
    Library of Congress Classification     NIRU LIBRARY NIRU LIBRARY 06/22/2023 purchase   JK 275 .S568 2023-0300 06/22/2023 06/22/2023 Books
    Library of Congress Classification     NIRU LIBRARY NIRU LIBRARY 06/22/2023 purchase   JK 275 .S568 2023-0302 06/22/2023 06/22/2023 Books
Copyright © 2025&6. National Intelligence and Research University. All Rights Reserved.